An introduction to modern astrophysics

Salvato in:
Dettagli Bibliografici
Autori principali: Carroll, Bradley W (Autore), Ostlie, Dale A (Autore)
Natura: Libro
Lingua:inglese
Pubblicazione: Reading Addison-Wesley 1996
Soggetti:
Tags: Aggiungi Tag
Nessun Tag, puoi essere il primo ad aggiungerne!!

MARC

LEADER 00000nam a2200000 a 4500
001 UCL7835
003 CL-VaPUC
008 040604e19960000US |||||||||||||||||eng|d
020 |a 0201547309 
082 0 4 |a 523.01  |b CAR  |2 21 
100 0 |a Carroll, Bradley W  |e author  |9 485743 
700 0 |a Ostlie, Dale A  |e author  |9 485744 
245 1 3 |a An introduction to modern astrophysics 
300 |a 1327 p 
942 |c BK 
945 |d 20040604 00:00:00  |a cmena 
260 |a Reading  |b Addison-Wesley  |c 1996 
650 0 |a Astrofísica  |9 269137 
650 0 |a Astronomía  |9 260985 
650 0 |a Teoría de la relatividad   |9 266149 
650 7 |a CUERPOS CELESTES  |2 CL-VaPUC  |9 310384 
650 0 |a Universo  |9 266563 
583 |a last modification  |c 20040604 00:00:00  |k Rodrigo Vera 
999 |c 309394  |d 309392 
952 |0 0  |1 0  |4 0  |6 523_010000000000000_CAR_1996  |7 0  |8 A  |9 376830  |a BIBCUR  |b BIBCUR  |d 2019-11-21  |i 4022092  |l 13  |m 14  |o 523.01 CAR 1996  |p 4022092  |r 2025-04-22  |s 2024-05-09  |w 2019-11-21  |y BK  |k FIS